00515nam a2200181Ia 4500003000900000008004100009020001800050040001600068080001500084100001900099245007200118260002700190300001400217650004100231650001900272650002200291700002000313IN-BaIIA211028s9999 xx 000 0 eng d a0-582-44401-2 cIIA Library a539.1bBRA aBransden, B. H 0aPhysics of atoms and moleculescB. H. Bransden and C. J. Joachain aLondonbLongmansc1983 axi, 686p. aAstronomy and astrophysics thesaurus aAtomic physics aMolecular physics aJoachain, C. J.